| 000 | 00370cam a2200145ua 4500 | ||
|---|---|---|---|
| 041 |
_aeng _h |
||
| 082 |
_a940 _bRAY/CO |
||
| 100 | _aRayner, Robert M . | ||
| 245 |
_aConcise history of modern Europe 1789-1914 / _cRobert M Rayner. _hTextual Documents |
||
| 260 |
_aLondon : _bLongman , _c1963. |
||
| 300 | _a425 ; . | ||
| 504 | _a | ||
| 942 | _cBK | ||
| 999 |
_c6218 _d6218 |
||